000 00348nam a22001337a 4500
082 _a330
_bCLA
100 _aClay, Henry
_949391
245 _aEconomicsa
_c Henry Clay,
260 _aLondon
_bmacmillan and Co.limited London
_c1924
300 _axvi, 476 p, :
526 _a0
_b0
_c0
_d330_000000000000000_CLA
650 _aMCE
_9379
942 _2ddc
_cBK
999 _c552181
_d552181